000 00673nam a2200277Ia 4500
005 20260324113413.0
008 008 260324s9999 xx 000 0 eng d
020 _a9781003440819
037 _aEBOOK
040 _aCRL
040 _beng
040 _cCRL
041 _2eng
041 _aeng
084 _qCRL
100 _aLi Ran
_91146635
245 0 _aResearch on the Balance of Educational Resources Allocation and Spatial Layout
260 _bTaylor and Francis
260 _c2023
365 _a
365 _b230
856 _uhttp://www.taylorfrancis.com/books/9781003440819
942 _cEBOOK
999 _c1736266
_d1736266